A Ramaiya board of directors : (Record no. 138650)

MARC details
000 -LEADER
fixed length control field 00722nam a22002057a 4500
005 - DATE AND TIME OF LATEST TRANSACTION
control field 20170403165741.0
010 ## - LCCN (DPL NO)
LC control number ENG-117701
020 ## - INTERNATIONAL STANDARD BOOK NUMBER
International Standard Book Number 9789350358603
Terms of availability 995.00
035 ## - SYSTEM CONTROL NUMBER
System control number EN-101233
037 ## - SOURCE OF ACQUISITION
Source of stock number/acquisition DBAD/PUB
082 ## - DEWEY DECIMAL CLASSIFICATION NUMBER
Classification number 346.54066
100 ## - MAIN ENTRY--PERSONAL NAME
Personal name Ramaiya,A.
245 ## - TITLE STATEMENT
Title A Ramaiya board of directors :
Statement of responsibility, etc by A. Ramaiya [and] Savithri Parekh
Remainder of title providing guidance under the companies act 2013 and allied legislations /
260 ## - PUBLICATION, DISTRIBUTION, ETC. (IMPRINT)
Place of publication, distribution, etc Guru Gram
Name of publisher, distributor, etc LexisNexis
Date of publication, distribution, etc 2017
270 ## - ADDRESS
Address 14th Floor Building No.10, Tower-B, DLF Cyber City, Phase-II,
City Guru Gram
Postal code 122002
300 v# - PHYSICAL DESCRIPTION
Extent Ivii,953p.
Dimensions 24cm (Hb)
500 ## - GENERAL NOTE
General note Includes index
700 ## - ADDED ENTRY--PERSONAL NAME
Personal name Parekh, Savithri
942 ## - ADDED ENTRY ELEMENTS (KOHA)
Source of classification or shelving scheme Dewey Decimal Classification
Item type English Books
Classification part 346.54066
Call number suffix PAR
Holdings
Withdrawn status Lost status Not for loan Collection code Home library Current library Date acquired Source of acquisition Cost, normal purchase price Full call number Barcode Copy number Cost, replacement price Koha item type
      Non-fiction Bawana Bawana 31/03/2017 DBAD/PUB 995.00 346.54066 PAR EN-101233 1 995.00 English Books

© Delhi Public Library
Hit Counter
free hit counter